| 000 | 00458nam a2200181Ia 4500 | ||
|---|---|---|---|
| 008 | 230711s9999||||xx |||||||||||||| ||und|| | ||
| 020 | _a978-81-265-0911-9 | ||
| 041 | _aENG | ||
| 082 |
_a546 _bDO-C |
||
| 100 | _aDouglas, Bodie E | ||
| 245 | 0 | _aConcepts and models of inorganic Chemistry | |
| 250 | _a3rd Ed. | ||
| 260 |
_c2015 _aNew Delhi _bJohn Wiley & Sons.Inc |
||
| 300 | _a928p. | ||
| 650 | _aChemistry | ||
| 700 | _aMcDaniel, Darl. H | ||
| 942 | _cBK | ||
| 999 |
_c5753 _d5753 |
||